00321 a2200133 450000100060000002000180000604000240002410000190004824000380006724500330010530000090013836200090014765000310015614511 a9788555431098 cAnchieta - Aquarius aVainio, Pirkko10aPara aqueles que querem voarlpor10aPara aqueles que querem voar a46p.0 a2018 4aLiteratura infanto-juvenil